000 00670nam a2200217Ii 4500
003 JO-AjNU
008 230606s9999||||xx |||||||||||||| ||und||
020 _a978-81-317-2285-5
040 _aJO-AjNU
_beng
_erda
_cJO-AjNU
041 _aeng
050 1 4 _aHF5636 2009
100 3 _aGupta,Ambrish,
_eauthor
_91517
245 0 0 _aFinancial Accounting for Management : An Analytical Perspective
250 _a3th ed
264 3 1 _aDelhi : Pearson Education,2009
300 _a986p
_bIncludes appendix indexes(p923-986)
336 _atext
_btxt
_2rdacontent
337 _aunmediated
_bn
_2rdamedia
338 _avolume
_bnc
_2rdacarrier
650 4 _aFinancial Accounting
_91518
999 _aE798
_c798
_d798